| 000 | 01268naa a2200265 i 4500 | ||
|---|---|---|---|
| 001 | 10555 | ||
| 003 | KOSZ 005 | ||
| 005 | 20180511103746.0 | ||
| 008 | 180511s1999 pl a| | |100 ||pol d | ||
| 040 |
_cKOSZ 005/HR _aKOSZ 005/HR |
||
| 080 | _a339.138:004.738.5 | ||
| 080 | _a658.1/.5 | ||
| 100 | 1 |
_aKACZMAREK-ŚLIWIŃSKA, Monika. _d1996 -1999. _bPolitechnika Koszalińska - Instytut Zarządzania i Marketingu, _cKatedra Metod Ilościowych |
|
| 245 |
_aInternet a zarządzanie firmą / _cMonika Kaczmarek. |
||
| 650 | 0 | _aZarządzanie. | |
| 650 | 0 | _aPrzedsiębiorstwo. | |
| 650 | 0 | _aInternet. | |
| 650 | 0 | _aMarketing elektroniczny. | |
| 655 | 0 | _aMateriały konferencyjne. | |
| 700 | 1 |
_aŚLIWIŃSKI, Leszek. _d1996 -1999. _bPolitechnika Koszalińska - Instytut Zarządzania i Marketingu, _cKatedra Metod Ilościowych |
|
| 711 | 2 | 2 |
_aKonferencja "Komputerowo zintegrowane zarządzanie" _n(2 ; _d1999 ; _cZakopane, Polska) |
| 773 | 0 |
_iW : _tKomputerowo zintegrowane zarządzanie / pod redakcją Ryszarda Knosali. - _dWarszawa : Wydawnictwa Naukowo-Techniczne, 1999. - _gs. 149-154 _z8320423848 |
|
| 856 |
_uhttp://koha.tu.koszalin.pl/cgi-bin/koha/opac-detail.pl?biblionumber=86469 _yKatalog online BPK |
||
| 942 |
_cROZ _2UKD |
||
| 999 |
_c10555 _d10555 |
||